[Event "Titled Tuesday intern op 16th Apr Early"]
[Site "Chess.com INT"]
[Date "2024.04.16"]
[Round "5"]
[White "Salinas Herrera, Pablo Patricio"]
[Black "Sahil, Tickoo"]
[Result "1-0"]
[WhiteElo "2487"]
[BlackElo "2186"]
[PlyCount "105"]
[EventDate "2024.04.16"]
[EventType "swiss (blitz)"]
[EventRounds "11"]
[EventCountry "USA"]
[SourceTitle "CB17_2024"]
[SourceDate "2024.04.24"]
[SourceVersion "1"]
[SourceVersionDate "2024.04.24"]
[SourceQuality "1"]

1. d4 d5 2. Nf3 Nf6 3. Bf4 c5 4. e3 e6 5. Nbd2 Bd6 6. c3 Qc7 7. Bxd6 Qxd6 8. Ne5 0-0 9. Bd3 b6 10. f4 Ba6 11. Bc2 Nc6 12. g4 Ne7 13. g5 Nd7 14. Qh5 Nf5 15. 0-0-0 Nxe5 16. fxe5 Qe7 17. h4 Rfc8 18. Kb1 b5 19. Bxf5 exf5 20. Nb3 b4 21. cxb4 cxb4 22. Qf3 Rab8 23. Qxf5 Rc4 24. Nc5 Bb5 25. h5 Rf8 26. Rhg1 Rxc5 27. dxc5 Qxc5 28. h6 Qxe3 29. hxg7 Re8 30. Ka1 b3 31. Rde1 Qd3 32. Qxd3 Bxd3 33. Rg3 Bc4 34. axb3 Bb5 35. Ka2 Kxg7 36. Rf3 Re7 37. Ka3 d4 38. Kb4 a6 39. Kc5 d3 40. Kd4 Rd7+ 41. Ke3 Re7 42. Kd2 Rc7 43. Rc1 Re7 44. Rc5 Rd7 45. Rf6 Rd4 46. e6 fxe6 47. Rc7+ Kg8 48. Rxe6 Kf8 49. Rf6+ Kg8 50. Rb6 Be8 51. Rb8 Kf8 52. Rxh7 Kg8 53. Re7 1-0

[Event "Titled Tuesday intern op 09th Jan Early"]
[Site "Chess.com INT"]
[Date "2024.01.09"]
[Round "3"]
[White "Bolivar, Jeison"]
[Black "Sahil, Tickoo"]
[Result "0-1"]
[WhiteElo "2103"]
[BlackElo "2186"]
[PlyCount "88"]
[EventDate "2024.01.09"]
[EventType "swiss (blitz)"]
[EventRounds "11"]
[EventCountry "USA"]
[SourceTitle "CB03_2024"]
[SourceDate "2024.01.17"]
[SourceVersion "1"]
[SourceVersionDate "2024.01.17"]
[SourceQuality "1"]

1. e4 c5 2. Nc3 Nc6 3. g4 h5 4. g5 h4 5. d3 d6 6. Nh3 e6 7. f4 Nge7 8. Bg2 Ng6 9. 0-0 Be7 10. f5 Nge5 11. Kh1 b6 12. Ne2 Bb7 13. fxe6 fxe6 14. Nhf4 Qd7 15. Bh3 Nd8 16. Nxe6 Nxe6 17. Nf4 Bc8 18. Nxe6 Qxe6 19. Bxe6 Bxe6 20. Bf4 Ng6 21. Qd2 0-0-0 22. a4 a5 23. c3 Rhf8 24. Be3 d5 25. Qg2 h3 26. Qg3 Bd6 27. Qg1 dxe4 28. dxe4 Ne5 29. Rxf8 Rxf8 30. Rf1 Re8 31. Qf2 Ng4 32. Qe2 Nxe3 33. Qxe3 Bd7 34. Re1 Bc6 35. Qd3 Kc7 36. Kg1 Re6 37. e5 Bxe5 38. Qh7 Bxh2+ 39. Kxh2 Rxe1 40. Qxg7+ Kb8 41. Qf8+ Ka7 42. Qf7+ Bb7 43. g6 Rh1+ 44. Kg3 Rg1+ 0-1

[Event "Titled Tuesday intern op 19th Dec Early"]
[Site "Chess.com INT"]
[Date "2023.12.19"]
[Round "1"]
[White "Sahil, Tickoo"]
[Black "Kozak, Antoni"]
[Result "0-1"]
[WhiteElo "2186"]
[BlackElo "2442"]
[PlyCount "78"]
[EventDate "2023.12.19"]
[EventType "swiss (blitz)"]
[EventRounds "11"]
[EventCountry "USA"]
[SourceTitle "CB52_2023"]
[SourceDate "2023.12.27"]
[SourceVersion "1"]
[SourceVersionDate "2023.12.27"]
[SourceQuality "1"]

1. d4 Nf6 2. c4 e6 3. Nc3 d5 4. cxd5 exd5 5. Bg5 c6 6. e3 Be6 7. Bd3 Nbd7 8. Nge2 h6 9. Bh4 g5 10. Bg3 Nh5 11. Qc2 Nxg3 12. Nxg3 h5 13. Bf5 Qf6 14. Bxe6 fxe6 15. 0-0-0 0-0-0 16. Kb1 h4 17. Nf1 h3 18. g3 Qf3 19. Rg1 Bb4 20. Qe2 Rdf8 21. Rd2 Nb6 22. Rc2 Nc4 23. Qxf3 Rxf3 24. Nd2 Nxd2+ 25. Rxd2 Rhf8 26. Rf1 Rxe3 27. Kc2 Bxc3 28. bxc3 Rff3 29. fxe3 Rxf1 30. Kd3 Kd7 31. c4 g4 32. cxd5 exd5 33. Rb2 b6 34. Rc2 Kd6 35. Ke2 Rh1 36. Kd3 Rd1+ 37. Ke2 Rg1 38. Kd3 Rg2 39. Rc1 Rxh2 0-1

[Event "Titled Tuesday intern op 05th Sep Early"]
[Site "Chess.com INT"]
[Date "2023.09.05"]
[Round "2"]
[White "Bressac, Stephane"]
[Black "Sahil, Tickoo"]
[Result "1-0"]
[WhiteElo "2359"]
[BlackElo "2186"]
[PlyCount "157"]
[EventDate "2023.09.05"]
[EventType "swiss (blitz)"]
[EventRounds "11"]
[EventCountry "USA"]
[SourceTitle "EXT 2024"]
[Source "ChessBase"]
[SourceDate "2023.10.10"]
[SourceVersion "1"]
[SourceVersionDate "2023.10.10"]
[SourceQuality "1"]

1. e4 c5 2. Nf3 d5 3. exd5 Nf6 4. d4 Nxd5 5. c4 Nf6 6. d5 e6 7. Nc3 exd5 8. cxd5 Bd6 9. Bb5+ Nbd7 10. 0-0 0-0 11. a4 h6 12. Re1 a6 13. Bd3 Re8 14. Rxe8+ Qxe8 15. a5 Ne5 16. Be2 Nxf3+ 17. Bxf3 Qe5 18. g3 Bh3 19. Bf4 Qe7 20. Bxd6 Qxd6 21. Qb3 Qc7 22. Re1 Re8 23. Rxe8+ Nxe8 24. Qa4 Nd6 25. Qh4 Bf5 26. Qf4 Qe7 27. Kg2 g5 28. Qd2 Qe5 29. h3 Kg7 30. g4 Bg6 31. b3 f5 32. Na4 fxg4 33. hxg4 Be4 34. Bxe4 Qxe4+ 35. f3 Qd4 36. Qxd4+ cxd4 37. Kf2 Kf6 38. Ke2 Ke5 39. Kd3 Kxd5 40. Nb2 Nb5 41. Nc4 Nc7 42. Nb6+ Kc6 43. Kxd4 Kb5 44. Nc4 Kb4 45. Nd6 Kxb3 46. Nxb7 Kb4 47. Ke5 Kb5 48. Kf6 Kc6 49. Nd8+ Kb5 50. Kg6 Nd5 51. Kxh6 Kxa5 52. Kxg5 Kb5 53. Nb7 Kb6 54. Nd6 Kc6 55. Nc4 Kc5 56. Na3 Kb4 57. Nb1 Kb3 58. f4 a5 59. f5 a4 60. f6 Nxf6 61. Kxf6 Kb2 62. Nd2 Kc2 63. Nc4 Kb3 64. Nd2+ Kc2 65. Nc4 Kb3 66. g5 Kxc4 67. g6 a3 68. g7 Kb3 69. g8Q+ Kb2 70. Qb8+ Ka1 71. Qe5+ Kb1 72. Qb5+ Ka1 73. Qe5+ Kb1 74. Qe1+ Kb2 75. Qd2+ Kb1 76. Qd3+ Kb2 77. Qb5+ Ka1 78. Qc4 a2 79. Qc1# 1-0

[Event "Titled Tuesday intern op 05th Sep Early"]
[Site "Chess.com INT"]
[Date "2023.09.05"]
[Round "1"]
[White "Sahil, Tickoo"]
[Black "Skvortsov, Andrei"]
[Result "1/2-1/2"]
[WhiteElo "2186"]
[BlackElo "2294"]
[PlyCount "135"]
[EventDate "2023.09.05"]
[EventType "swiss (blitz)"]
[EventRounds "11"]
[EventCountry "USA"]
[SourceTitle "EXT 2024"]
[Source "ChessBase"]
[SourceDate "2023.10.10"]
[SourceVersion "1"]
[SourceVersionDate "2023.10.10"]
[SourceQuality "1"]

1. d4 d5 2. c4 dxc4 3. Nc3 a6 4. a4 Nc6 5. Nf3 Bg4 6. e3 Na5 7. h3 Bh5 8. g4 Bg6 9. Ne5 e6 10. Nxg6 hxg6 11. Bg2 Bb4 12. 0-0 Nf6 13. Qe2 c6 14. Bd2 Bxc3 15. Bxc3 Nd5 16. Bxa5 Qxa5 17. Qxc4 Ke7 18. b4 Qb6 19. Rab1 Rac8 20. Rfc1 Nf6 21. b5 cxb5 22. Qb4+ Qd6 23. Rxc8 Qxb4 24. Rxb4 Rxc8 25. Bxb7 Nd5 26. Bxd5 exd5 27. axb5 Rb8 28. b6 Kd6 29. Kg2 Kc6 30. Kf3 Rxb6 31. Ra4 Kb7 32. Kf4 Rf6+ 33. Kg3 Kb6 34. f3 Rc6 35. e4 Rc4 36. Ra1 dxe4 37. fxe4 Rxd4 38. Kf4 f6 39. Rb1+ Kc5 40. Rb7 g5+ 41. Kf5 a5 42. Rxg7 Rd6 43. Ra7 Kb6 44. Ra8 Kb5 45. e5 fxe5 46. Kxe5 Rc6 47. Kf5 Rc5+ 48. Kg6 a4 49. Kh5 Kb4 50. h4 gxh4+ 51. Kxh4 a3 52. Rb8+ Rb5 53. Rf8 a2 54. Rf1 Ka3 55. Ra1 Rb1 56. Rxa2+ Kxa2 57. g5 Kb3 58. g6 Kc4 59. Kg5 Kd5 60. Kf6 Rf1+ 61. Ke7 Rg1 62. Kf7 Rf1+ 63. Ke7 Rg1 64. Kf7 Ke5 65. g7 Rf1+ 66. Ke7 Rg1 67. Kf7 Rxg7+ 68. Kxg7 1/2-1/2

[Event "Speed Chess Q2 Sw"]
[Site "Chess.com INT"]
[Date "2023.08.23"]
[Round "3"]
[White "Sahil, Tickoo"]
[Black "Goltsev, Dmitry"]
[Result "0-1"]
[WhiteElo "2186"]
[BlackElo "2251"]
[PlyCount "78"]
[EventDate "2023.08.23"]
[EventType "swiss (blitz)"]
[EventRounds "14"]
[EventCountry "USA"]
[SourceTitle "CBM 215 Extra"]
[Source "ChessBase"]
[SourceDate "2023.09.30"]
[SourceVersion "1"]
[SourceVersionDate "2023.09.30"]
[SourceQuality "1"]

1. d4 Nf6 2. c4 e6 3. Nc3 Bb4 4. Qc2 b6 5. a3 Bxc3+ 6. Qxc3 Bb7 7. Nf3 Ne4 8. Qc2 f5 9. g3 0-0 10. Bg2 d6 11. 0-0 Nd7 12. b4 a5 13. Bb2 Ndf6 14. Nd2 d5 15. c5 Qd7 16. Nf3 Qb5 17. a4 Qe8 18. b5 bxc5 19. dxc5 c6 20. b6 Nd7 21. Ba3 e5 22. Nd2 Qe7 23. Nxe4 fxe4 24. Rac1 Rf6 25. f3 e3 26. Qc3 d4 27. Qc4+ Kh8 28. f4 Ba6 29. Qa2 exf4 30. Rxf4 Raf8 31. Rcf1 Rxf4 32. Rxf4 Rxf4 33. gxf4 Qh4 34. h3 Qf2+ 35. Kh1 d3 36. Qe6 Nf6 37. Qxc6 dxe2 38. Qa8+ Ng8 39. Kh2 e1Q 0-1

[Event "Titled Tuesday intern op 14th Mar Early"]
[Site "Chess.com INT"]
[Date "2023.03.14"]
[Round "4"]
[White "Yurovskich, Oleksandr"]
[Black "Sahil, Tickoo"]
[Result "1-0"]
[WhiteElo "2328"]
[BlackElo "2186"]
[PlyCount "95"]
[EventDate "2023.03.14"]
[EventType "swiss (blitz)"]
[EventRounds "11"]
[EventCountry "USA"]
[SourceTitle "EXT 2024"]
[Source "ChessBase"]
[SourceDate "2023.10.10"]
[SourceVersion "1"]
[SourceVersionDate "2023.10.10"]
[SourceQuality "1"]

1. d4 Nf6 2. Nf3 e6 3. Bf4 d5 4. e3 Bd6 5. Bg3 c5 6. c3 Qc7 7. dxc5 Qxc5 8. Nbd2 Qc7 9. Bd3 Nc6 10. Qe2 Bd7 11. e4 dxe4 12. Nxe4 Nxe4 13. Bxe4 Bxg3 14. hxg3 h6 15. Rd1 0-0-0 16. 0-0 Kb8 17. Rd2 Bc8 18. Rfd1 Rxd2 19. Qxd2 Rd8 20. Qe2 Rxd1+ 21. Qxd1 Qd7 22. Qxd7 Bxd7 23. Kf1 Kc7 24. Ke2 Kd6 25. Ke3 b6 26. g4 Ne5 27. Nxe5 Kxe5 28. f4+ Kd6 29. Kd4 f6 30. Bf3 Bc6 31. Bxc6 Kxc6 32. c4 a5 33. b3 Kd6 34. a3 Kc6 35. b4 axb4 36. axb4 g6 37. g5 hxg5 38. fxg5 f5 39. Ke5 Kd7 40. g3 Ke7 41. c5 bxc5 42. bxc5 Kd7 43. Kf6 Kc6 44. Kxg6 Kxc5 45. Kf6 Kd5 46. g6 e5 47. Kxf5 e4 48. g7 1-0

[Event "Titled Tuesday intern op 27th Sep Early"]
[Site "Chess.com INT"]
[Date "2022.09.27"]
[Round "1"]
[White "Ozer, Omer Faruk"]
[Black "Sahil, Tickoo"]
[Result "1-0"]
[WhiteElo "2360"]
[BlackElo "2186"]
[PlyCount "113"]
[EventDate "2022.09.27"]
[EventType "swiss (blitz)"]
[EventRounds "11"]
[EventCountry "USA"]
[SourceTitle "CBM 210 Extra"]
[Source "ChessBase"]
[SourceDate "2022.11.30"]
[SourceVersion "1"]
[SourceVersionDate "2022.11.30"]
[SourceQuality "1"]

1. d4 d5 2. Bf4 Nf6 3. e3 e6 4. Nf3 Bd6 5. Nbd2 c5 6. Ne5 Qc7 7. c3 0-0 8. Bd3 Nc6 9. Ndf3 Ne7 10. h4 b6 11. g4 Bb7 12. g5 Ne4 13. h5 f6 14. gxf6 gxf6 15. Rg1+ Kh8 16. Bh6 Nf5 17. Bxf8 Rxf8 18. Ng4 Qf7 19. Bxe4 dxe4 20. Nd2 cxd4 21. cxd4 Qxh5 22. Qa4 Rg8 23. 0-0-0 Rxg4 24. Rxg4 Qxg4 25. Qd7 Bd5 26. Qd8+ Kg7 27. Nb1 h5 28. Nc3 h4 29. Qd7+ Kh6 30. Qd8 Kh7 31. Qxf6 Be7 32. Qf7+ Qg7 33. Qh5+ Qh6 34. Qg4 Qg5 35. Qh3 Bb4 36. Ne2 Bxa2 37. Rg1 Qe7 38. Qg4 Qc7+ 39. Nc3 Qf7 40. Nxe4 Qc7+ 41. Nc3 Qf7 42. Ne4 Qc7+ 43. Kd1 Bb3+ 44. Ke2 Qc2+ 45. Kf3 Nxd4+ 46. exd4 Qd3+ 47. Kf4 Bd6+ 48. Nxd6 Qxd4+ 49. Ne4 e5+ 50. Kg5 Bf7 51. Qf5+ Kg8 52. Kf6+ Kf8 53. Qc8+ Be8 54. Rg8+ Kxg8 55. Qxe8+ Kh7 56. Qg6+ Kh8 57. Qg7# 1-0

[Event "Titled Tuesday intern op 27th Sep Early"]
[Site "Chess.com INT"]
[Date "2022.09.27"]
[Round "3"]
[White "Sahil, Tickoo"]
[Black "Salman, Pavel"]
[Result "0-1"]
[WhiteElo "2186"]
[BlackElo "2287"]
[PlyCount "72"]
[EventDate "2022.09.27"]
[EventType "swiss (blitz)"]
[EventRounds "11"]
[EventCountry "USA"]
[SourceTitle "CBM 210 Extra"]
[Source "ChessBase"]
[SourceDate "2022.11.30"]
[SourceVersion "1"]
[SourceVersionDate "2022.11.30"]
[SourceQuality "1"]

1. d4 Nf6 2. c4 c5 3. d5 b5 4. cxb5 a6 5. b6 e6 6. Nc3 Nxd5 7. Nxd5 exd5 8. Qxd5 Nc6 9. Nf3 Rb8 10. Qe4+ Be7 11. Bg5 0-0 12. Bxe7 Nxe7 13. e3 Rxb6 14. b3 d5 15. Qc2 Bf5 16. Bd3 Bxd3 17. Qxd3 Rg6 18. 0-0 Qd6 19. Rfd1 h5 20. Rac1 Re8 21. Qc2 Qf6 22. Rd2 h4 23. Qd1 h3 24. g3 Nf5 25. Rxc5 Nd6 26. Rcxd5 Ne4 27. Rd8 Rxd8 28. Rxd8+ Kh7 29. Rd4 Nc3 30. Rh4+ Rh6 31. Qd3+ g6 32. Rxh6+ Kxh6 33. e4 Nxa2 34. Qe3+ Kg7 35. e5 Qf5 36. Qe1 Qxf3 0-1

[Event "Titled Tuesday intern op 05th Jul Early"]
[Site "Chess.com INT"]
[Date "2022.07.05"]
[Round "6"]
[White "Colivet Gamboa, Julio Cesar"]
[Black "Sahil, Tickoo"]
[Result "1-0"]
[WhiteElo "1780"]
[BlackElo "2186"]
[PlyCount "123"]
[EventDate "2022.07.05"]
[EventType "swiss (blitz)"]
[EventRounds "11"]
[EventCountry "USA"]
[SourceTitle "CBM 209 Extra"]
[Source "ChessBase"]
[SourceDate "2022.09.30"]
[SourceVersion "1"]
[SourceVersionDate "2022.09.30"]
[SourceQuality "1"]

1. c4 e6 2. Nf3 d5 3. cxd5 exd5 4. g3 c6 5. Bg2 Bf5 6. d3 Nf6 7. 0-0 Be7 8. Nc3 h6 9. Qa4 Bh7 10. e4 0-0 11. Rd1 Nbd7 12. b4 a5 13. bxa5 Rxa5 14. Qc2 Ra8 15. Be3 Bc5 16. Bxc5 Nxc5 17. Nd4 Qe7 18. Re1 dxe4 19. dxe4 Rfd8 20. Nf5 Bxf5 21. exf5 Qf8 22. Rab1 Rd7 23. h3 Rad8 24. Re2 Qd6 25. Na4 Nxa4 26. Qxa4 Nd5 27. Rd2 Qc5 28. Rbd1 b5 29. Qb3 Rd6 30. Rc2 Qb4 31. Rdc1 Qxb3 32. axb3 Nb4 33. Rc5 Rd1+ 34. Rxd1 Rxd1+ 35. Kh2 Rd6 36. g4 Kf8 37. Kg3 Ke7 38. Re5+ Kd7 39. Re3 Kc7 40. Rc3 Kb6 41. Kh4 Rd2 42. Kg3 Rd3+ 43. Rxd3 Nxd3 44. f4 Nc5 45. g5 hxg5 46. fxg5 Nxb3 47. h4 Nd4 48. Kf4 b4 49. h5 b3 50. Be4 c5 51. h6 gxh6 52. gxh6 c4 53. h7 c3 54. h8Q Kc5 55. Qc8+ Kb4 56. Qb7+ Ka3 57. Qa7+ Kb2 58. Qxd4 Ka3 59. Qxc3 Ka2 60. Bd5 Kb1 61. Qxb3+ Ka1 62. Qa2# 1-0

[Event "Titled Tuesday intern op 05th Jul Early"]
[Site "Chess.com INT"]
[Date "2022.07.05"]
[Round "9"]
[White "Pires, Marcos Vinicius Tor"]
[Black "Sahil, Tickoo"]
[Result "0-1"]
[WhiteElo "2287"]
[BlackElo "2186"]
[PlyCount "104"]
[EventDate "2022.07.05"]
[EventType "swiss (blitz)"]
[EventRounds "11"]
[EventCountry "USA"]
[SourceTitle "CBM 209 Extra"]
[Source "ChessBase"]
[SourceDate "2022.09.30"]
[SourceVersion "1"]
[SourceVersionDate "2022.09.30"]
[SourceQuality "1"]

1. d4 d5 2. Bf4 Nf6 3. e3 c5 4. c3 Nc6 5. Nd2 Bf5 6. Qb3 Qd7 7. dxc5 e5 8. Bg5 Bxc5 9. Bxf6 gxf6 10. Ngf3 Be6 11. Qa4 a6 12. Qh4 Be7 13. Bd3 f5 14. Qh5 e4 15. Be2 exf3 16. Nxf3 Bf6 17. 0-0 0-0-0 18. Nd4 Nxd4 19. cxd4 Kb8 20. Bd3 Rhg8 21. Rfc1 f4 22. Qe2 fxe3 23. fxe3 Bf5 24. Rf1 Bxd3 25. Qxd3 Rg6 26. Rf5 Qe6 27. Raf1 Re8 28. R1f3 Re7 29. Qb3 Bg5 30. Re5 Qc6 31. Rxe7 Bxe7 32. Rxf7 Qc1+ 33. Rf1 Qd2 34. Qxd5 Bd6 35. Qf3 Ka7 36. b4 Qxa2 37. b5 axb5 38. Qe4 b4 39. d5 b3 40. g3 b2 41. Qd4+ Ka6 42. Qd3+ Kb6 43. Rb1 Ba3 44. Qd4+ Ka6 45. Qd3+ Ka7 46. Qd4+ Kb8 47. Qd3 Rg7 48. e4 Rc7 49. d6 Rc1+ 50. Kg2 Qxb1 51. d7 Rg1+ 52. Kh3 Qxd3 0-1

[Event "Titled Tuesday intern op 28th Jun Early"]
[Site "Chess.com INT"]
[Date "2022.06.28"]
[Round "9"]
[White "Nunez V, Gustavo Eduardo"]
[Black "Sahil, Tickoo"]
[Result "1-0"]
[WhiteElo "2212"]
[BlackElo "2186"]
[PlyCount "179"]
[EventDate "2022.06.28"]
[EventType "swiss (blitz)"]
[EventRounds "11"]
[EventCountry "USA"]
[SourceTitle "CBM 209 Extra"]
[Source "ChessBase"]
[SourceDate "2022.09.30"]
[SourceVersion "1"]
[SourceVersionDate "2022.09.30"]
[SourceQuality "1"]

1. e4 c5 2. Nc3 Nc6 3. g3 g6 4. Bg2 Bg7 5. d3 d6 6. Be3 e6 7. Qd2 Nge7 8. Nge2 0-0 9. Bh6 Nd4 10. h4 f6 11. Bxg7 Kxg7 12. h5 g5 13. h6+ Kh8 14. 0-0-0 b5 15. Nxd4 cxd4 16. Nxb5 Qb6 17. Qb4 Nc6 18. Qxd6 Rf7 19. e5 Bd7 20. Bxc6 Qxc6 21. Qxc6 Bxc6 22. Nxd4 Bxh1 23. Rxh1 fxe5 24. Nxe6 Rxf2 25. Nxg5 Raf8 26. Re1 Rg2 27. Ne4 Rh2 28. b3 Rxh6 29. Re2 Re6 30. Ng5 Re7 31. c4 Kg7 32. Kd2 Kg6 33. Ne4 Rd8 34. Kc3 h5 35. Rf2 Rf7 36. Rd2 Rf3 37. b4 Kf5 38. c5 Kg4 39. c6 Rf7 40. b5 Rd4 41. Rh2 Rc7 42. Rh4+ Kf3 43. Rxh5 a6 44. Nc5 axb5 45. Rxe5 Rg4 46. Re6 Kxg3 47. d4 Rf4 48. Kb4 Rxd4+ 49. Kxb5 Rd2 50. a4 Rb2+ 51. Kc4 Rc8 52. Ne4+ Kf4 53. Kd5 Ra2 54. Nc5 Rd2+ 55. Kc4 Rc2+ 56. Kd4 Rd2+ 57. Nd3+ Kf5 58. Rd6 Rc2 59. Rd5+ Ke6 60. Rc5 Rxc5 61. Kxc5 Ra8 62. Nb2 Ke7 63. Kb6 Kd8 64. c7+ Kc8 65. a5 Kd7 66. Nc4 Kc8 67. Nd6+ Kd7 68. Nb5 Rf8 69. a6 Rf6+ 70. Kb7 Rf8 71. a7 Rc8 72. a8Q Rxa8 73. Kxa8 Kc8 74. Ka7 Kd7 75. Kb8 Kc6 76. c8Q+ Kxb5 77. Qb7+ Kc5 78. Kc7 Kd4 79. Qc6 Ke3 80. Kd6 Kf4 81. Qd5 Kg4 82. Ke5 Kh4 83. Qe4+ Kg3 84. Qg6+ Kf3 85. Qf5+ Ke2 86. Qh3 Kd2 87. Kd4 Ke2 88. Qg2+ Ke1 89. Kc3 Kd1 90. Qf1# 1-0

[Event "Titled Tuesday intern op 28th Jun Early"]
[Site "Chess.com INT"]
[Date "2022.06.28"]
[Round "2"]
[White "Sahil, Tickoo"]
[Black "Jeet, Jain"]
[Result "0-1"]
[WhiteElo "2186"]
[BlackElo "2167"]
[PlyCount "130"]
[EventDate "2022.06.28"]
[EventType "swiss (blitz)"]
[EventRounds "11"]
[EventCountry "USA"]
[SourceTitle "CBM 209 Extra"]
[Source "ChessBase"]
[SourceDate "2022.09.30"]
[SourceVersion "1"]
[SourceVersionDate "2022.09.30"]
[SourceQuality "1"]

1. d4 Nf6 2. Bf4 g6 3. Nc3 d5 4. e3 Bg7 5. h4 h5 6. Nf3 c6 7. Ne5 Nbd7 8. Bd3 Qb6 9. Rb1 Nxe5 10. Bxe5 Bf5 11. 0-0 Bxd3 12. cxd3 0-0 13. a3 Ng4 14. Bxg7 Kxg7 15. Qf3 Qc7 16. g3 Rae8 17. Rbc1 Qd6 18. Qf4 Qxf4 19. gxf4 Rd8 20. Kg2 f6 21. Ne2 e5 22. fxe5 fxe5 23. dxe5 Nxe5 24. Rc3 Rf5 25. Ng3 Rf7 26. d4 Nf3 27. Kh3 Nd2 28. Rg1 Kh6 29. f4 Re8 30. Nf1 Ne4 31. Rc2 Nf6 32. Rg3 Ng4 33. Kg2 Rfe7 34. Rc3 Kh7 35. b4 Nh6 36. Kf3 Nf5 37. Rh3 a6 38. Kf2 Nd6 39. Nd2 Nf5 40. Rb3 Ra8 41. Rh2 a5 42. b5 a4 43. Rb4 Rxe3 44. bxc6 bxc6 45. Rb7+ Kh6 46. Nf3 Re7 47. Rxe7 Nxe7 48. Rh1 Rb8 49. Rc1 Rb3 50. Ne5 Rxa3 51. Nxc6 Nf5 52. Ne5 Nxh4 53. Rc6 Ra2+ 54. Kg3 Nf5+ 55. Kh3 Nxd4 56. Rxg6+ Kh7 57. Rd6 Ra3+ 58. Kh4 Nf5+ 59. Kg5 Nxd6 60. f5 Ra1 61. f6 Rf1 62. Kxh5 Rxf6 63. Ng4 Rf5+ 64. Kh4 Rf4 65. Kh5 Rxg4 0-1

[Event "Titled Tuesday intern op 28th Jun Early"]
[Site "Chess.com INT"]
[Date "2022.06.28"]
[Round "1"]
[White "Sahil, Tickoo"]
[Black "Yaksin, Oleg"]
[Result "0-1"]
[WhiteElo "2186"]
[BlackElo "2388"]
[PlyCount "104"]
[EventDate "2022.06.28"]
[EventType "swiss (blitz)"]
[EventRounds "11"]
[EventCountry "USA"]
[SourceTitle "CBM 209 Extra"]
[Source "ChessBase"]
[SourceDate "2022.09.30"]
[SourceVersion "1"]
[SourceVersionDate "2022.09.30"]
[SourceQuality "1"]

1. d4 Nf6 2. c4 e6 3. Nc3 Bb4 4. Qc2 0-0 5. a3 Bxc3+ 6. Qxc3 d6 7. Nf3 Nbd7 8. Bg5 Re8 9. e3 e5 10. dxe5 dxe5 11. Rd1 h6 12. Bh4 Qe7 13. Be2 Nc5 14. b4 Nce4 15. Qc2 g5 16. Bg3 Nxg3 17. hxg3 Kg7 18. c5 Bg4 19. 0-0 Rad8 20. Rxd8 Rxd8 21. Rd1 Rxd1+ 22. Qxd1 Bxf3 23. Bxf3 b6 24. cxb6 cxb6 25. Qa4 e4 26. Be2 Qc7 27. Qb3 Qc1+ 28. Kh2 Qd2 29. Qd1 Qb2 30. b5 Qxa3 31. Qd2 Qa1 32. g4 Qe5+ 33. g3 Nd5 34. Kg2 Nc3 35. Bf1 Nxb5 36. Bxb5 Qxb5 37. Qd4+ Kg8 38. Qxe4 Qd7 39. Qa8+ Kg7 40. Qe4 b5 41. Qe5+ f6 42. Qc5 a5 43. e4 a4 44. e5 fxe5 45. Qxe5+ Kf7 46. Qe4 Kf6 47. Qf3+ Kg7 48. Qc3+ Kf7 49. Qf3+ Ke7 50. Qe2+ Kd6 51. Qd3+ Kc7 52. Qc3+ Qc6+ 0-1

[Event "Titled Tuesday intern op 17th May Early"]
[Site "Chess.com INT"]
[Date "2022.05.17"]
[Round "9"]
[White "Baches Garcia, Guillermo"]
[Black "Sahil, Tickoo"]
[Result "0-1"]
[WhiteElo "2326"]
[BlackElo "2201"]
[PlyCount "80"]
[EventDate "2022.05.17"]
[EventType "swiss (blitz)"]
[EventRounds "11"]
[EventCountry "USA"]
[SourceTitle "CBM 208 Extra"]
[Source "ChessBase"]
[SourceDate "2022.07.31"]
[SourceVersion "1"]
[SourceVersionDate "2022.07.31"]
[SourceQuality "1"]

1. e4 c5 2. Nf3 d6 3. d4 cxd4 4. Nxd4 Nf6 5. Nc3 a6 6. Bd3 g6 7. f3 Bg7 8. Be3 0-0 9. Qd2 Nc6 10. 0-0-0 Bd7 11. g4 Nxd4 12. Bxd4 Bc6 13. h4 h5 14. gxh5 Nxh5 15. Bxg7 Kxg7 16. f4 b5 17. f5 b4 18. Nd5 Rh8 19. Nxb4 Bd7 20. Nd5 e6 21. Qc3+ Kh7 22. fxg6+ fxg6 23. Ne3 e5 24. Nd5 Rf8 25. Qd2 Nf4 26. Nxf4 Rxf4 27. Rdg1 Qf6 28. Qg2 Rg8 29. h5 g5 30. h6 g4 31. a3 g3 32. Qd2 Rf2 33. Qe3 g2 34. Rh2 Rf1+ 35. Kd2 Rxg1 36. Qxg1 Qf4+ 37. Kc3 Qxh2 38. Qxh2 g1Q 39. Qh5 Qd4+ 40. Kd2 Rg2+ 0-1

[Event "Titled Tuesday intern op 10th May Early"]
[Site "Chess.com INT"]
[Date "2022.05.10"]
[Round "3"]
[White "Sahil, Tickoo"]
[Black "Yuan, Qingyu"]
[Result "1/2-1/2"]
[WhiteElo "2201"]
[BlackElo "2373"]
[PlyCount "209"]
[EventDate "2022.05.10"]
[EventType "swiss (blitz)"]
[EventRounds "11"]
[EventCountry "USA"]
[SourceTitle "CBM 208 Extra"]
[Source "ChessBase"]
[SourceDate "2022.07.31"]
[SourceVersion "1"]
[SourceVersionDate "2022.07.31"]
[SourceQuality "1"]

1. d4 d5 2. c4 e6 3. Nc3 Nf6 4. cxd5 exd5 5. Bg5 c6 6. e3 h6 7. Bh4 Be7 8. Bd3 0-0 9. Qc2 Re8 10. Nge2 Nbd7 11. 0-0 a5 12. a3 b5 13. Rad1 Nb6 14. Rfe1 Nc4 15. a4 b4 16. Nb1 Nd6 17. Nd2 Ba6 18. Bxa6 Rxa6 19. Nb3 Nc4 20. Nd2 Nd6 21. Nb3 Nc4 22. Nd2 Nxd2 23. Rxd2 Ne4 24. Bxe7 Qxe7 25. Rd3 Rc8 26. Ng3 Nd6 27. b3 Qe6 28. Qe2 Ra7 29. h3 Rac7 30. Qg4 g6 31. Qxe6 fxe6 32. e4 Kg7 33. h4 c5 34. dxc5 Rxc5 35. exd5 exd5 36. Re5 Nf7 37. Rexd5 Rxd5 38. Rxd5 Rc3 39. Rxa5 Rxb3 40. Rb5 Rb1+ 41. Kh2 Nd6 42. Rb6 Nc4 43. Rb7+ Kf6 44. Ne4+ Ke5 45. Ng3 b3 46. Rb4 Kd5 47. Rb5+ Kd4 48. a5 b2 49. Ne2+ Kd3 50. Nf4+ Kc2 51. Rc5 Kb3 52. Nd3 Ra1 53. Nxb2 Nxb2 54. Rc6 Rxa5 55. Rxg6 h5 56. g4 hxg4 57. Rxg4 Nd3 58. Kg3 Kc3 59. f3 Kd2 60. Rg6 Rd5 61. Re6 Kc3 62. f4 Rd4 63. f5 Nf4 64. Re5 Nd5 65. Re6 Kc4 66. f6 Rf4 67. Rd6 Rf5 68. f7 Rxf7 69. Rg6 Nf4 70. Rg4 Kd5 71. Rxf4 Rg7+ 72. Rg4 Rf7 73. Kh3 Ke6 74. h5 Kf5 75. Kh4 Rh7 76. Rg5+ Kf6 77. Rg4 Kf5 78. Rg5+ Kf6 79. Rg6+ Kf5 80. Rg2 Rh8 81. Rf2+ Ke6 82. Kg5 Rg8+ 83. Kh4 Ke5 84. h6 Rg1 85. Kh5 Rg8 86. h7 Rg1 87. Kh6 Rh1+ 88. Kg7 Rg1+ 89. Kh8 Ke6 90. Rf8 Ke7 91. Rg8 Rh1 92. Kg7 Rg1+ 93. Kh8 Rh1 94. Rg3 Kf7 95. Rf3+ Ke7 96. Re3+ Kf7 97. Rf3+ Ke7 98. Rf2 Rg1 99. Rf3 Rg2 100. Rd3 Rg1 101. Re3+ Kf7 102. Rf3+ Ke7 103. Re3+ Kf7 104. Rf3+ Ke7 105. Re3+ 1/2-1/2

[Event "Titled Tuesday intern op 12th Apr Early"]
[Site "Chess.com INT"]
[Date "2022.04.12"]
[Round "7"]
[White "Sahil, Tickoo"]
[Black "Iskusnyh, Sergei"]
[Result "0-1"]
[WhiteElo "2201"]
[BlackElo "2443"]
[PlyCount "72"]
[EventDate "2022.04.12"]
[EventType "swiss (blitz)"]
[EventRounds "11"]
[EventCountry "USA"]
[SourceTitle "CBM 207 Extra"]
[Source "ChessBase"]
[SourceDate "2022.05.31"]
[SourceVersion "1"]
[SourceVersionDate "2022.05.31"]
[SourceQuality "1"]

1. d4 d5 2. Bf4 Nf6 3. e3 c5 4. c3 Nc6 5. Nd2 cxd4 6. exd4 Bg4 7. Ngf3 e6 8. Bd3 Bd6 9. Bg3 0-0 10. 0-0 Bxg3 11. hxg3 Rb8 12. a4 Qc7 13. Re1 Rfe8 14. Qb3 Bh5 15. Ne5 Nxe5 16. Rxe5 Bg6 17. Bxg6 hxg6 18. Ree1 a6 19. a5 Rec8 20. Nf3 Ne4 21. Ne5 Nd6 22. g4 b6 23. axb6 Rxb6 24. Qa2 Rcb8 25. Re2 Qb7 26. f3 g5 27. b4 Qc7 28. Re3 Nb5 29. Qb2 Rc8 30. Rc1 Nxd4 31. Nd3 Nb5 32. Nc5 Nd6 33. Rd3 Qxc5+ 34. bxc5 Rxb2 35. cxd6 Rd8 36. c4 Rxd6 0-1